00210nam a2200085Ia 4500008004100000100002200041245003800063260001700101260000600118170617s9999 xx 000 0 und d aChatwal - Gurdeep 0aInstrumental Meathods of Analysis bHimalaya Pub c1